000 00729nam a2200241 i 4500
001 19281
003 ES-MaACL
005 20230906152047.0
007 t|
008 020611s2001 sp ||||1| spa d
020 _a84-323-1072-7
080 _a316.48
100 1 _aLorenzo Cadarso, Pedro L.
_974175
245 1 0 _aFundamentos teóricos del conflicto social /
_cpor Pedro Luis Lorenzo Cadarso.
250 _a1ª ed. en castellano.
260 _aMadrid :
_bSiglo XXI de España,
_c2001.
300 _aVII, 272 p. ;
_c21 cm.
490 1 _aSociología y política
650 1 4 _aConflicto social.
_9177438
830 0 _aSociología y política
_9178818
852 _aES-MaACL
_jL-25717
_bR.131187
999 _c19281
_d19281